000 01184nam a2200349 a 4500
001 data
005 20260322212115.0
008 data
035 _a4712200
906 _a7
_bcbc
_corignew
_d3
_encip
_f19
_gy-gencatlg
010 _a 82901222
035 _9(DLC) 82901222
040 _aDLC
_cDLC
_dDLC
043 _ae-gr---
_ae-gr---
050 0 0 _aBL2003
_b.A76 1981
082 0 0 _a294.5/13
_219
100 1 _aArora, Udai Prakash,
_d1944-
245 1 0 _aMotifs in Indian mythology :
_btheir Greek and other parallels /
_cUdai Prakash Arora ; foreword by R.N. Dandekar ; introduction by J.S. Negi.
260 _aNew Delhi :
_bIndika Pub. House,
_c1981.
300 _axxiv, 248 p. ;
_c25 cm.
336 _atext
_btxt
_2rdacontent
337 _aunmediated
_bn
_2rdamedia
338 _avolume
_bnc
_2rdacarrier
500 _aBased on the author's thesis (doctoral--University of Allahabad)
500 _aIncludes index.
504 _aBibliography: p. [211]-238.
650 0 _aMythology, Indic.
650 0 _aMythology, Greek.
650 0 _aMythology.
991 _bc-GenColl
_hBL2003
_i.A76 1981
_p00009936919
_tCopy 1
_wBOOKS
999 _c1740
_d1740